000 00921mam a2200289 4500
001 2383717
003 ARRUPE
005 20150209114159.0
008 720424s1962 ilua b 000 0 eng
010 _a 62009738 /L
015 _aGB62-7595
035 _a(OCoLC)ocm00291255
035 _a(NNC)2383717
040 _aDLC
_cYNG
_dOCL
_dUKM
050 0 _aGN480
_b.N43
082 0 0 _a392
100 1 _aNeedham, Rodney.
_914812
245 1 0 _aStructure and sentiment;
_ba test case in social anthropology.
260 _a[Chicago]
_bUniversity of Chicago Press
_c[1962]
300 _a134 p.
_billus.
_c23 cm.
504 _aBibliography: p. 127-131.
600 1 0 _aHomans, George Caspar,
_d1910-1989.
_tMarriage, authority, and final causes.
_914898
600 1 0 _aLévi-Strauss, Claude.
_tStructures élémentaires de la parenté.
_914899
650 0 _aConsanguinity.
_914900
942 _2lcc
_cMONOGRAPH
999 _c121968
_d121968